|
|
|
|
| LEADER |
00000nam0a2200000 4500 |
| 001 |
342711 |
| 005 |
20231102005500.0 |
| 035 |
|
|
|a (RuTPU)RU\TPU\book\371890
|
| 090 |
|
|
|a 342711
|
| 100 |
|
|
|a 20190321d1980 km y0rusy50 ca
|
| 101 |
0 |
|
|a rus
|
| 102 |
|
|
|a UZ
|
| 105 |
|
|
|a a z 001zy
|
| 200 |
1 |
|
|a Метод интегральных поверхностей для исследования поведения характеристик в окрестности состояния равновесия
|f Х. Р. Латипов
|g Ташкентский политехнический институт им. А. Б. Беруни ; под ред. А. Н. Филатова
|
| 210 |
|
|
|a Ташкент
|c Фан
|d 1980
|
| 215 |
|
|
|a 94 с.
|c ил.
|
| 320 |
|
|
|a Библиогр.: с. 92-93
|
| 606 |
1 |
|
|a Дифференциальные уравнения, обыкновенные
|2 stltpush
|3 (RuTPU)RU\TPU\subj\46716
|9 65831
|
| 610 |
1 |
|
|a интегральные поверхности
|
| 610 |
1 |
|
|a характеристики
|
| 610 |
1 |
|
|a равновесие
|
| 610 |
1 |
|
|a трехмерные пространства
|
| 610 |
1 |
|
|a механические системы
|
| 610 |
1 |
|
|a маятники
|
| 610 |
1 |
|
|a колебания
|
| 675 |
|
|
|a 517.91
|v 4
|
| 700 |
|
1 |
|a Латипов
|b Х. Р.
|g Халим Рафикович
|
| 702 |
|
1 |
|a Филатов
|b А. Н.
|4 340
|
| 712 |
0 |
2 |
|a Ташкентский политехнический институт им. А. Б. Беруни
|2 stltpush
|3 (RuTPU)RU\TPU\col\6741
|9 24263
|
| 801 |
|
1 |
|a RU
|b 63413507
|c 20190321
|
| 801 |
|
2 |
|a RU
|b 63413507
|c 20210415
|g RCR
|
| 942 |
|
|
|c BK
|